000 00390nmm a2200145Ia 4500
008 251105s9999||||xx |||||||||||||||||und||
041 _aspa
100 _aDeveraux, Jude
245 0 _aPrimeras impresiones
264 _a[Madrid, España] :
_bEdiciones B,
_c2016
300 _a394 páginas
650 _aRomance
856 _uhttps://public.digitaliapublishing.com/a/54344
942 _cCF
999 _c106041
_d106041